Queueing methods : for services and manufacturing

Αποθηκεύτηκε σε:
Λεπτομέρειες βιβλιογραφικής εγγραφής
Κύριος συγγραφέας: Hall, Randolph W. 1958-
Μορφή: Βιβλίο
Γλώσσα:English
Δημοσίευση: Englewood, NJ : Prentice-Hall, c1991
Σειρά:Prentice Hall international series in industrial and systems engineering
Θέματα:
Ετικέτες: Προσθήκη ετικέτας
Δεν υπάρχουν, Καταχωρήστε ετικέτα πρώτοι!

MARC

LEADER 00000nam a2200000 i 4500
001 1/63560
008 941103s1991 eng d
020 |a 0-13-748112-8 
035 |a 1991  |l 10046809 
040 |a GR-MY-UA  |b gre  |e aacr 
041 0 |a eng 
082 0 |a 658.4034 
100 1 |a Hall, Randolph W.  |d 1958- 
245 1 0 |a Queueing methods :  |b for services and manufacturing /  |c Radolph W. Hall 
260 |a Englewood, NJ :   |b Prentice-Hall,   |c c1991 
300 |a 476 p.;  |c 24 cm. 
490 1 |a Prentice Hall intenational series in industrial and systems engineering 
500 |a Includes bibliographical references and index 
650 0 0 |a Queuing theory. 
650 0 0 |a Service industries  |x Management  |x Mathematical models. 
650 0 0 |a Manufactures  |x Management  |x Mathematical models. 
830 0 |a Prentice Hall international series in industrial and systems engineering 
852 |a INST  |b SAMOS  |e 19941103  |h 658.4034 HAL  |p 005300003363  |q 005300003363  |t BK  |y 0 
909 |a Σ  |b 021212